|
|
|
|
| LEADER |
00987nam a22003012a 4500 |
| 001 |
001742257 |
| 003 |
CZ BrMZK |
| 005 |
20200413085847.0 |
| 007 |
ta |
| 008 |
200413s1967 fr af er|||||||||||fre d |
| 020 |
|
|
|q (Váz.)
|
| 040 |
|
|
|a ABA001
|b cze
|d ABA001
|
| 041 |
1 |
|
|a fre
|h cze
|
| 080 |
|
|
|a 56(084.1)(024.7)=4
|
| 100 |
1 |
|
|a Augusta, Josef,
|d 1903-1968
|7 jk01010421
|4 aut
|
| 245 |
1 |
4 |
|a Les animaux préhistoriques /
|c Josef Augusta ; illustrations de Zdeněk Burian ; [traduit par Jeanne Reverseau]
|
| 250 |
|
|
|a 4. éd.
|
| 260 |
|
|
|a Paris :
|b Éditions La Farandole,
|c 1967
|
| 300 |
|
|
|a 36 s., [120] s. :
|b il. ;
|c 35 cm
|
| 500 |
|
|
|a Přeloženo z češtiny
|
| 500 |
|
|
|a Pozn.
|
| 500 |
|
|
|a Vyd. Artia, Praha
|
| 700 |
1 |
|
|a Reverseau, Jeanne
|4 trl
|
| 700 |
1 |
|
|a Burian, Zdeněk,
|d 1905-1981
|7 jk01020396
|4 ill
|
| 910 |
|
|
|a BOA001
|b 5-0431.577-67
|
| 990 |
|
|
|a BK
|
| 991 |
|
|
|b 202004
|
| 996 |
6 |
|
|b BC-2083500
|c 5-0431.577-67
|l MZK
|r DEP / do 15 dnů
|n 0
|w 001794208
|u 000010
|a 240
|e BOA001
|j MZK50
|s P
|